| 000 | 00481nam a2200169 i 4500 | ||
|---|---|---|---|
| 001 | 98270 | ||
| 003 | ES-MaACL | ||
| 005 | 20240511063029.0 | ||
| 007 | t| | ||
| 008 | 050727s1971 sp ||||1| spa d | ||
| 100 | 0 |
_aMarshall, Delfin C., _d1920- _977129 |
|
| 245 | 1 | 0 |
_aNosotros los injuriadores / _cDelfin C. Marshall. |
| 260 |
_aMadrid : _bDos Continentes, _c1971. |
||
| 300 |
_a133 p. ; _c20 cm. |
||
| 852 |
_aES-MaACL _jC-49007 _bR.78601 |
||
| 999 |
_c98270 _d98270 |
||